Statistics for Every Amy Grant song that hit the Billboard hot 100

Click here to take the quiz!

General Stats

  • This quiz has been taken 6 times
  • The average score is 2 of 12

Answer Stats

Peak Chart PositionYearSong% Correct
11991Baby Baby
100%
11986The Next Time I Fall
20%
21991Every Heartbeat
20%
71991That's What Love Is For
20%
81992Good For Me
20%
371995House Of Love
20%
671995Big Yellow Taxi
20%
961988Lead Me On
20%
181994Lucky One
0%
201992I Will Remember You
0%
291985Find A Way
0%
661985Wise Up
0%

Score Distribution

Percentile by Number Answered

Percent of People with Each Score

Your Score History

You have not taken this quiz